| 000 | 00443pab a2200157 454500 | ||
|---|---|---|---|
| 008 | 180718b2010 xxu||||| |||| 00| 0 eng d | ||
| 100 | _aIedema, Rick | ||
| 245 | _aConsigning as a discursive practice in emergency health services: the architecture of deliberation | ||
| 260 | _c2010 | ||
| 300 | _ap.73-91. | ||
| 362 | _aMar | ||
| 650 | _aHealth services | ||
| 773 | _aJournal of Applied Behavioral Science | ||
| 908 | _aN | ||
| 909 | _a86291 | ||
| 999 |
_c86291 _d86291 |
||